| 000 | 00727nam a22002177a 4500 | ||
|---|---|---|---|
| 003 | LK-CoDNM | ||
| 005 | 20241118135501.0 | ||
| 008 | 241015b |||||||| |||| 00| 0 eng d | ||
| 040 |
_aLK-CoDNM _dLK-CoDNM _eLK-CoDNM |
||
| 041 | _asin | ||
| 080 |
_aප්ර.ශ _b73 |
||
| 245 |
_aශ්රී සද්ධර්ම රාජ ශ්රී -1927 _b2 කාණ්ඩය 6,7 කලාපය |
||
| 260 |
_aකොළඹ _c1927 |
||
| 300 | _b22p. ; 24 cm | ||
| 650 | _aශ්රී සද්ධර්ම රාජ ශ්රී -1927 | ||
| 650 | _a2 කාණ්ඩය 6,7 කලාපය | ||
| 650 | _aමාසික සගරාව | ||
| 650 | _aප්ර.ශ 73 | ||
| 650 | _a1927 | ||
| 942 | _cBK | ||
| 999 |
_c230380 _d230380 |
||